Normal view
MARC view
- Alonso, Andoni,
Entry Nombre Personal
001 - NUMERO DE CONTROL
- campo de control: 38237
003 - IDENTIFICADOR DE NUMERO DE CONTROL
- campo de control: UPN
005 - FECHA Y HORA DE LA ÜLTIMA TRANSACCIÓN
- campo de control: 20210219194533.0
008 - DATOS DE LONGITUD FIJA
- campo de control de longitud fija: nabaccnnaabn|||||||||| b |nc|||||d
035 ## - NUMERO DE CONTROL
- Número de control: UPN11000010344
040 ## - FUENTE DE CATALOGACIÓN
- Lenguaje de catalogación: SPA
- Agencia de transcripción: UPN
100 1# - ENCABEZAMIENTO - NOMBRE PERSONAL
- Nombre personal: Alonso, Andoni,
- Fechas asociadas con el nombre: 1966-
670 ## - FUENTE EN LA QUE SE LOCALIZARON DATOS
- Cita de la fuente: T
- Uniform Resource Identifier: http://www.dios.com.ar/notas1/biografias/escribas/ANDONI_AL/andoni_alex.htm
680 ## - NOTA PUBLICA DE ACCESO PÚBLICO
- Frase explicativa de la referencia: Especializado en el impacto de las nuevas tecnologías de la información
902 ## - CATALOGADOR
- Catalogador: MCM/220216
